Santo Tomás de Aquino, exposición del De trinitate, de Boecio

Uloženo v:
Podrobná bibliografie
Hlavní autoři: García Marqués, Alfonso (Autor), Fernández, José Antonio (Autor)
Médium: Kniha
Jazyk:španělština
Vydáno: Pamplona EUNSA 1987
Edice:Biblioteca de Teología, 17
Témata:
Tagy: Přidat tag
Žádné tagy, Buďte první, kdo vytvoří štítek k tomuto záznamu!

MARC

LEADER 00000cam a2200000 a 4500
001 UCL3697
003 CL-VaPUC
008 031205e19870000SP |||||||||||||||||spa|d
020 |a 8431309997 
082 0 4 |a 189.4  |b GAR  |2 21 
100 |a García Marqués, Alfonso  |e author  |9 337874 
700 0 |a Fernández, José Antonio  |e author  |9 481080 
245 1 0 |a Santo Tomás de Aquino, exposición del De trinitate, de Boecio 
300 |a 302 p 
942 |c BK 
945 |d 20031205 00:00:00  |a cmena 
260 |a Pamplona  |b EUNSA  |c 1987 
650 0 |a Escolasticismo  |9 264998 
650 0 |a Tomismo  |9 259214 
650 0 |a Filosofía medieval  |9 256245 
583 |a last modification  |c 20150416 15:37:17  |k Rodrigo Vera 
490 0 |a Biblioteca de Teología, 17 
999 |c 306708  |d 306706 
952 |0 0  |1 0  |4 0  |6 189_400000000000000_GAR_1987  |7 0  |8 A  |9 371948  |a BIBEDU  |b BIBEDU  |d 2019-11-21  |i 397037K  |l 3  |o 189.4 GAR 1987  |p 397037K  |r 2024-11-26  |s 2024-11-12  |w 2019-11-21  |y BK  |k FIL